Estos son los tiempos de callar : Sor Josefa de Castillo y una historia del silencio en el Nuevo Reino de Granada (1671-1742) /

Detalles Bibliográficos
Autor principal: Pineda Cupa, Héctor Luis (Autor)
Formato: Electrónico eBook
Lenguaje:español
Publicado: Popayán, Colombia : Editorial Universidad del Cauca, 2024.
Edición:Primera edición en español.
Materias:
Acceso en línea:Digitalia Hispánica

MARC

LEADER 00000nam a2200000Ii 4500
001 DIGUCAUCA0182
003 NyNyDIG
006 m o d
007 cr |||||||||||
008 250611s2024 ck a ob 000 0 spa d
035 |a (OCoLC)1517285529 
040 |a DGITA  |b eng  |e rda  |e pn  |c DGITA 
020 |a 9789587326833  |q digital 
020 |z 9789587326826  |q impreso 
043 |a s-ck--- 
050 1 4 |a PQ8179.C369 ebook 
100 1 |a Pineda Cupa, Héctor Luis,  |e author. 
245 1 0 |a Estos son los tiempos de callar :  |b Sor Josefa de Castillo y una historia del silencio en el Nuevo Reino de Granada (1671-1742) /  |c Héctor Luis Pineda Cupa. 
250 |a Primera edición en español. 
264 1 |a Popayán, Colombia :  |b Editorial Universidad del Cauca,  |c 2024. 
300 |a 1 online resource :  |b illustrations. 
336 |a text  |b txt  |2 rdacontent 
337 |a computer  |b c  |2 rdamedia 
338 |a online resource  |b cr  |2 rdacarrier 
347 |a text file  |2 rdaft  
347 |b PDF 
504 |a Includes bibliographical references. 
588 0 |a Online resource; title from PDF title page (Digitalia, viewed June 11, 2025) 
600 1 0 |a Castillo, Francisca Josefa de la Concepción de,  |d 1671-1742  |x Criticism and interpretation. 
650 0 |a Monastic and religious life of women  |z Colombia. 
776 0 8 |i Print version:  |a Pineda Cupa, Héctor Luis.  |t Estos son los tiempos de callar.  |b Primera edición en español.  |d Popayán, Colombia : Editorial Universidad del Cauca, 2024  |z 9789587326826 
791 2 |a Digitalia (Firm),  |e distributor. 
793 0 |g Digitalia eBook Collection:  |a Editorial Universidad del Cauca 
856 4 0 |3 Digitalia Hispánica  |u https://www.digitaliapublishing.com/a/173806/ 
910 |a Premium collection: 2025